América Latina y el Caribe : (Record no. 135609)
[ view plain ]
| 000 -CABECERA | |
|---|---|
| campo de control de longitud fija | 00824nam a2200193 a 4500 |
| 005 - FECHA Y HORA DE LA ÚLTIMA TRANSACCIÓN | |
| campo de control | 20210219160339.0 |
| 008 - ELEMENTOS DE LONGITUD FIJA--INFORMACIÓN GENERAL | |
| campo de control de longitud fija | 081013s1995 mx r 000 0 spa d |
| 035 ## - NÚMERO DE CONTROL DEL SISTEMA | |
| Número de control de sistema | UPN01000163496 |
| 049 ## - COLECCIÓN | |
| Colección | UNE |
| 080 ## - NÚMERO DE CLASIFICACIÓN DECIMAL UNIVERSAL | |
| Número de la Clasificación Decimal Universal | 338 (7/8) "1995" AME TomoII. |
| 111 2# - ASIENTO PRINCIPAL--NOMBRE DE REUNION | |
| Nombre de congreso/reunión o jurisdicción como elemento de entrada | Congreso de la Asociación Latinoamericana de Sociología |
| Número del congreso/reunión o número de parte o sección | (XXa. : |
| Fecha del congreso/reunión | 1995 : |
| Sede del congreso/Lugar de la reunión | México, D.F.) |
| 245 10 - MENCIÓN DE TÍTULO | |
| Título | América Latina y el Caribe : |
| Resto del título | perspectivas de su reconstrucción : resúmenes de ponencias : tomo II. |
| 260 ## - PUBLICACIÓN, DISTRIBUCIÓN, ETC. | |
| Lugar de publicación, distribución, etc. | México : |
| Nombre del editor, distribuidor, etc. | Facultad de Ciencias Políticas y Sociales, UNAM, |
| Fecha de publicación, distribución, etc. | 1995. |
| 300 ## - DESCRIPCIÓN FÍSICA | |
| Extensión | 222 p. |
| 690 ## - PUNTO DE ACCESO ADICIONAL DE MATERIA LOCAL--TÉRMINO DE MATERIA (OCLC, RLIN) | |
| Término de materia o nombre geográfico como elemento inicial | Desarrollo económico y social - América Latina |
| 690 ## - PUNTO DE ACCESO ADICIONAL DE MATERIA LOCAL--TÉRMINO DE MATERIA (OCLC, RLIN) | |
| Término de materia o nombre geográfico como elemento inicial | América Latina - Desarrollo económico y social |
| 710 2# - ASIENTO SECUNDARIO - NOMBRE CORPORATIVO | |
| Nombre de entidad corporativa o nombre de jurisdicción como elemento de entrada | Universidad Nacional Autónoma de México. |
| Unidad subordinada | Facultad de Ciencias Políticas y Sociales |
| 905 ## - TIPO DE MATERIAL | |
| Tipo de material | UNESCO |
No items available.
